| 000 | 00000nam##2200000za#4500 |
| 001 | 9.606538 |
| 003 | CaOODSP |
| 005 | 20250403105214 |
| 007 | cr ||||||||||| |
| 008 | 150406|2015||||xxc|||||o f|0| 0 fre|d |
| 020 | |a978-0-660-21668-3 |
| 040 | |aCaOODSP|bfre |
| 043 | |an-cn--- |
| 086 | 1 |aCS81-599/10-2015F-PDF |
| 245 | 00|aTendances liées au choix de carrière des jeunes Canadiens et les études postsecondaires qui lui sont associées|h[ressource électronique] |
| 260 | |aOttawa - Ontario : |bStatistique Canada |cJanvier 2015. |
| 300 | |a11p.|bgraphiques |
| 490 | 1 |aIndicateurs de l’éducation au Canada|vN° 10 |
| 500 | |aL'ISBN (978-1-100-23117-4) imprimé dans cette publication est incorrect. |
| 590 | |a15-05|b2015-01-30 |
| 710 | 2 |aStatistique Canada. |
| 775 | 08|tCareer decision-making patterns of Canadian youth and associated postsecondary educational outcomes|w(CaOODSP)9.578581 |
| 830 | #0|aFeuillet d'information : indicateurs de l'éducation au Canada (Statistique Canada)|vN° 10|w(CaOODSP)9.502049 |
| 856 | 40|ahttp://publications.gc.ca|qPDF|s474 Ko|uhttps://publications.gc.ca/collections/collection_2015/statcan/81-599-x/81-599-x2015010-fra.pdf|yN° 10 |